Vista normal Vista MARC

Entrada Topical Term

Número de registros utilizados en: 1

001 - CONTROL NUMBER

  • control field: 69652

003 - CONTROL NUMBER IDENTIFIER

  • control field: OSt

005 - DATE AND TIME OF LATEST TRANSACTION

  • control field: 20260427203013.0

008 - FIXED-LENGTH DATA ELEMENTS

  • fixed length control field: 260427|| aca||aabn | a|a d

040 ## - CATALOGING SOURCE

  • Original cataloging agency: OSt
  • Transcribing agency: OSt

150 ## - HEADING--TOPICAL TERM

  • Topical term or geographic name entry element: Teatro alemán
  • Chronological subdivision: Siglo XIX

670 ## - SOURCE DATA FOUND

  • Source citation: Work cat.: (OSt)60867: Goethe, Johann Wolfgang von, 1749-1832 aut 69423, Fausto /









Instituto Departamental de Cultura del Meta - Red Departamental de Bibliotecas Públicas del Meta.